Catálogo
 En Linea
Vista normal Vista MARC

Entrada Término temático

Número de registros utilizados en: 1

001 - NÚMERO DE CONTROL

  • campo de control: 11454

003 - IDENTIFICADOR DEL NÚMERO DE CONTROL

  • campo de control: OSt

005 - FECHA Y HORA DE LA ÚLTIMA TRANSACCIÓN

  • campo de control: 20200615032329.0

008 - DATOS DE LONGITUD FIJA

  • campo de control de longitud fija: 200615|| aca||aabn | a|a d

040 ## - FUENTE DE LA CATALOGACIÓN

  • Centro catalogador/agencia de origen: OSt
  • Centro/agencia transcriptor: OSt

150 ## - ENCABEZAMIENTO--TÉRMINO DE MATERIA

  • Término de materia o nombre geográfico como elemento de entrada: TERRORISMO
  • Subdivisión general: PREVENCIÓN
  • Subdivisión general: NOVELA

670 ## - FUENTE DE DATOS ENCONTRADOS

  • Cita de la fuente: Work cat.: (OSt)3584: Clancy, Tom, 1947- 10904, Operación Rainbow /, 2001.

Con tecnología Koha